<?xml version="1.0" encoding="UTF-8"?>
<collection xmlns="http://www.loc.gov/MARC21/slim">
 <record>
  <leader>00762nam a22002535a 4500</leader>
  <controlfield tag="001">CEM.cems016976</controlfield>
  <controlfield tag="005">20111007123423.0</controlfield>
  <controlfield tag="008">130507s1994##################000#0#####d</controlfield>
  <controlfield tag="003">CEMS</controlfield>
  <datafield tag="020" ind1=" " ind2=" ">
   <subfield code="a">9879049179</subfield>
  </datafield>
  <datafield tag="082" ind1="0" ind2="4">
   <subfield code="a">A868.4</subfield>
  </datafield>
  <datafield tag="100" ind1="1" ind2=" ">
   <subfield code="a">Lugones, Leopoldo</subfield>
  </datafield>
  <datafield tag="245" ind1="1" ind2="0">
   <subfield code="a">Cuentos fatales /</subfield>
   <subfield code="c">Leopoldo Lugones</subfield>
  </datafield>
  <datafield tag="260" ind1=" " ind2=" ">
   <subfield code="a">Bogotá :</subfield>
   <subfield code="b">Nuevo Siglo,</subfield>
   <subfield code="c">1994</subfield>
  </datafield>
  <datafield tag="300" ind1=" " ind2=" ">
   <subfield code="a">126 p.</subfield>
  </datafield>
  <datafield tag="490" ind1="0" ind2=" ">
   <subfield code="a">Crónica 100 x 100</subfield>
  </datafield>
  <datafield tag="505" ind1="0" ind2=" ">
   <subfield code="a">El vaso de alabastro  -- Los ojos de la reina -- El puñal -- El secreto de Don Juan -- Agueda</subfield>
  </datafield>
  <datafield tag="653" ind1=" " ind2=" ">
   <subfield code="a">Literatura</subfield>
  </datafield>
  <datafield tag="653" ind1=" " ind2=" ">
   <subfield code="a">Literatura argentina</subfield>
  </datafield>
  <datafield tag="653" ind1=" " ind2=" ">
   <subfield code="a">Cuentos</subfield>
  </datafield>
  <datafield tag="653" ind1=" " ind2=" ">
   <subfield code="a">Cuento argentino</subfield>
  </datafield>
  <datafield tag="653" ind1=" " ind2=" ">
   <subfield code="a">Narrativa</subfield>
  </datafield>
  <datafield tag="653" ind1=" " ind2=" ">
   <subfield code="a">Narrativa argentina</subfield>
  </datafield>
  <datafield tag="859" ind1=" " ind2=" ">
   <subfield code="a">CEMS</subfield>
   <subfield code="b">BIB. CEMS - Agricultura</subfield>
   <subfield code="h">A868.4</subfield>
   <subfield code="i">L967</subfield>
   <subfield code="p">A0044.00</subfield>
   <subfield code="t">Ej.1</subfield>
  </datafield>
 </record>
</collection>
